000 02345cam a22004694i 4500
003 PE-LiUPU
005 20250731173326.0
008 150625s r 000 0 d
020 _a90 04 11161 1
035 _a(Sirsi) i9789004111615
040 _aPE-LiUPU
_bspa
_cPE-LiUPU
_erda
049 _aPRUA
082 0 4 _a221.6621
_bO73
_221
100 1 _aOrton, David E.,
_eautor.
245 1 0 _aPoetry in the Hebrew bible :
_bselected studies from vetus testamentum /
_cDavid E. Orton.
264 1 _aLeiden, Boston :
_bBRILL,
_c2000.
300 _a253 páginas ;
_c24 centímetros
336 _atext
_2rdacontent
337 _aunmediated
_2rdamedia
338 _avolume
_2rdacarrier
490 0 _aBrill's readers in biblical studies ;
_v6
505 0 _aForm and Structure in ancient Hebrew Poetry. -Form and structure in ancient Hebrew Poetry (continued). -Form and word-play in David's Lament over Saul and Jonathan. -A-B Pairs and oral composition in Hebrew poetry. -Psalm XXIX in the Hebrew poetic tradition. -Jeremiah's poem in III 1-Iv 2. -The literary structure of the first two poems of Balaam. -Prose ambiguity and balance in Psalm xv. -The Unity of the Song of Songs. -The Juxtaposition of Synonymous and Chiastic Parallelism in Tricola in Old Testament Hebrew Psalm Poetry. -Pausal forms and the structure of biblical poetry. -Proverbs xxxi 10-31 as Heroic Hymn: a form-critical analysis. -Internal or Half-line Parallelism in Classical Hebrew poetry. -Problems and solutions in Hebrew verse: a Survey of recent work.
526 _aSEG42
526 _aSEG41
526 _aSEG40
526 _aSEG39
526 _aP94
526 _aP87
526 _aP86
526 _aP85
526 _aP77
526 _aP76
526 _aP35
541 _g103-8190058-5681041;
650 0 4 _aPoesía hebrea
_xHistoria y crítica.
910 _bjv
_clch
_d20081021
942 _2ddc
_cBOOK
949 _a221.6621 O73
_wDEWEY
_c1
_i58665
_lCCODEBUL1
_mBUL
_p39.00
_r0
_sY
_tBOOK
_u2015-6-25
_xTEOLOGIA
_zUNKNOWN
_0COMPRA
_o.STAFF. Colección General
994 _aC0
_bPEPRU
596 _a1
999 _a221.6621 O73
_wDEWEY
_c47545
_i58665
_f2021-11-9
_g5
_lCCODEBUL1
_mBUL
_p39.00
_r0
_sY
_tBOOK
_u2015-6-25
_xTEOLOGIA
_zUNKNOWN
_0COMPRA
_o.STAFF. Colección General
_d47545
980 _81
_gALBERTO SANCHEZ Responsable de Automatización